Petit Bac #80 - Fruits - Statistiques

Statistiques générales
  • Ce quiz a été pris 12 258 fois
  • Le résultat moyen est 12 sur 22
Statistiques - réponses
1ère lettre Fruit % Correct
A Abricot / Acérola / Actinide / Airelle / Alkékenge / Amande / Amélanche / Anacarde / Ananas / Annone / Anone / Arbouse / Artichaut-d'Espagne / Asimine / Atte / Aubergine / Aveline / Avocat
97%
B Banane / Barbadine / Bergamote / Bibace / Bibasse / Bigarade / Bleuet / Bluet / Bonnet-d'électeur / Bonnet-de-Prêtre / Brimbelle / Brioche / Brugnon
97%
P Pain / Pamplemousse / Papaye / Paroka / Pastèque / Pâtisson / Pavie / Pêche / Pepino / Physalis / Piment / Pistache / Pitaya / Pitahaya / Pithaya / Plaquebière / Plaquemine / Poire / Pois / Poivron / Pomélo / Pomme / Potiron / Prune / Pruneau
95%
C Cacao / Cachiment / Caïmite / Calalou / Calou / Camu-Camu / Canneberge / Cantaloup / Carambole / Cassis / Cerise / Châtaigne / Chayote / Chayotte / Chérimole / Chichourle / Chicouté / Ciblème / Citron / Citrouille / Clémentine / Coeur-de-Boeuf / Coing / Combava / Concombre / Coqueret / Cornichon / Cornouiller / Corossol / Cougourde / Courge / Courgette / Couronne-Impériale / Cucamelon / Cul-de-Chien / Cynorrhodon / Cynorhodon
94%
F Fe'i / Feijoa / Fève / Figue / Fraise / Framboise / Fruit-à-Pain / Fruit-de-la-Passion / Fruit-de-Pourpre / Fruit-du-Dragon / Fruit-du-Pauvre
94%
M Mamey / Mandarine / Mangoustan / Mangouste / Mangue / Maracudja / Margose / Marron / Melano / Mêle / Melon / Métulon / Meuron / Mirabelle / Mombin / Momordique / Mûre / Mûron / Myrte / Myrtille
92%
K Kaki / Kiwaï / Kiwano / Kiwi / Kumquat
85%
G Girembelle / Gombo / Gousson / Goyave / Grenade / Griotte / Grenadelle / Grenadille / Groseille
81%
O Oeil-du-Dragon / Okra / Olive / Orange
79%
D Datte / Durian / Durion
75%
T Tamarillo / Tamarin / Taxo / Tomate
63%
L Lalo / Lanterne / Lime / Litchi / Longane / Longani
62%
R Raisin / Raisinelet / Raisinet / Ramboutan / Reine-Claude / Rouget
62%
N Nectarine / Nèfle / Noisette / Noix
61%
J Jacque / Jamalac / Jambose / Jaque / Jujube
22%
Q Quatre-Temps / Quenette / Quetsche
14%
H Haricot
12%
Y Yang Tao / Yuzu
10%
I Icaque
4%
S Salak / Sapote / Sapotille / Souris-Végétale / Sucrine / Surelle / Surette
3%
V Vavangue
2%
E Embrune / Epine-Vinette
1%
Aucun quiz correspondant
Distribution des résultats
% des personnes avec chaque résultat
Percentile par nombre de réponses
Votre historique - résultats
Vous n’avez pas pris ce quiz